Animaux d'Afrique - Mort Subite - Statistiques

Statistiques générales
  • Ce quiz a été pris 357 fois
    290 depuis la dernière actualisation
  • Le résultat moyen est 9 sur 12
Answers on the Grid
Answers color-coded by a green-red scale on the quiz's grid according to % correct below.
Zèbre
Girafe
Guépard
Tigre
Rhinocéros
Panda
Kangourou
Loup
Gazelle
Lama
Crocodile du Nil
Buffle africain
Bison
Léopard
Pécari
Antilope
Ours brun
Autruche
Hyène
Anaconda
Jaguar
Hippopotame
 
Statistiques - réponses
Réponse % Correct
Zèbre
97%
Girafe
95%
Rhinocéros
86%
Guépard
81%
Gazelle
76%
Crocodile du Nil
74%
Antilope
68%
Buffle africain
68%
Hippopotame
66%
Hyène
65%
Léopard
49%
Autruche
48%
Aucun quiz correspondant
Distribution des résultats
% des personnes avec chaque résultat
Percentile par nombre de réponses
Votre historique - résultats
Vous n’avez pas pris ce quiz depuis la dernière actualisation